Sports Quiz

Random Sports Quiz

Red or Yellow? Quiz Stats

 Plays Quiz not verified by Sporcle

Challenge
Share
Tweet
Embed
Score 0/10 Timer 01:00
0 Plays Today
Answer % Correct
???
82.2%
???
76.7%
???
75.3%
???
75.3%
???
74%
???
69.9%
???
68.5%
???
68.5%
???
6.8%
???
2.7%

You're not logged in!

Compare scores with friends on all Sporcle quizzes.
Join for Free
OR
Log In

You Might Also Like...

Show Comments

Extras

Created Oct 13, 2014ReportNominate
Tags:red, yellow

Top Quizzes Today


Score Distribution

Your Account Isn't Verified!

In order to create a playlist on Sporcle, you need to verify the email address you used during registration. Go to your Sporcle Settings to finish the process.

Report this User

Report this user for behavior that violates our Community Guidelines.

Details: